000 00609nam a2200229 a 4500
001 17916
003 BD-RjUL
005 20211209000218.0
008 140219r1960 enk 001 0 eng d
020 _a1857316517
035 _a(BD-RjUL)17974
040 _aDLC
_beng
_cDLC
_d1960
041 _aeng
082 0 4 _a808.8
_bLIV 1960
245 0 0 _aLiving verse /
_ccompiled by A.K. Thomson.
260 _aBrisbane :
_bJacaranda press,
_c1960.
300 _a203 p ;
_c21 cm.
504 _aincludes index.
650 0 _aEnglish poetry
_y20th century.
_955271
700 1 _aThomson, A.K.
_955272
942 _2ddc
_cBK
999 _c17916
_d17916